Las ciudades en las fases transitorias del mundo hispánico a los Estados nación : (Registro nro. 268574)

Detalles MARC
000 -LEADER
fixed length control field 02565nam a2200577Ii 4500
001 - CONTROL NUMBER
control field DIGIBE1059
003 - CONTROL NUMBER IDENTIFIER
control field NyNyDIG
006 - FIXED-LENGTH DATA ELEMENTS--ADDITIONAL MATERIAL CHARACTERISTICS
fixed length control field m o d
007 - PHYSICAL DESCRIPTION FIXED FIELD--GENERAL INFORMATION
fixed length control field cr |||||||||||
008 - FIXED-LENGTH DATA ELEMENTS--GENERAL INFORMATION
fixed length control field 220222s2014 sp ob 000 0 spa d
035 ## - SYSTEM CONTROL NUMBER
System control number (OCoLC)1237400723
040 ## - CATALOGING SOURCE
Original cataloging agency DGITA
Language of cataloging eng
Description conventions rda
-- pn
Transcribing agency DGITA
020 ## - INTERNATIONAL STANDARD BOOK NUMBER
International Standard Book Number 9783954879182
Qualifying information eBook
-- pdf
020 ## - INTERNATIONAL STANDARD BOOK NUMBER
Canceled/invalid ISBN 9788484897910
Qualifying information Iberoamericana
020 ## - INTERNATIONAL STANDARD BOOK NUMBER
Canceled/invalid ISBN 9783954873388
Qualifying information Vervuert
020 ## - INTERNATIONAL STANDARD BOOK NUMBER
Canceled/invalid ISBN 9786078348091
Qualifying information Bonilla Artigas
041 0# - LANGUAGE CODE
Language code of text/sound track or separate title spa
-- por
043 ## - GEOGRAPHIC AREA CODE
Geographic area code cl-----
-- e-sp---
050 14 - LIBRARY OF CONGRESS CALL NUMBER
Classification number HT127.5 ebook
082 04 - DEWEY DECIMAL CLASSIFICATION NUMBER
Classification number 307.760972
245 04 - TITLE STATEMENT
Title Las ciudades en las fases transitorias del mundo hispánico a los Estados nación :
Remainder of title América y Europa (siglos XVI-XX) /
Statement of responsibility, etc. José Miguel Delgado Barrado, Ludolf Pelizaeus, María Cristina Torales Pacheco (eds.)
264 #1 - PRODUCTION, PUBLICATION, DISTRIBUTION, MANUFACTURE, AND COPYRIGHT NOTICE
Place of production, publication, distribution, manufacture Madrid :
Name of producer, publisher, distributor, manufacturer Iberoamericana ;
Place of production, publication, distribution, manufacture Frankfurt am Main :
Name of producer, publisher, distributor, manufacturer Vervuert ;
Place of production, publication, distribution, manufacture México, D. F. :
Name of producer, publisher, distributor, manufacturer Bonilla Artigas Editores ;
Place of production, publication, distribution, manufacture [Jaén, Spain] :
Name of producer, publisher, distributor, manufacturer Universidad de Jaén
Date of production, publication, distribution, manufacture, or copyright notice [2014]
300 ## - PHYSICAL DESCRIPTION
Extent 1 online resource.
336 ## - CONTENT TYPE
Content type term text
Content type code txt
Source rdacontent
337 ## - MEDIA TYPE
Media type term computer
Media type code c
Source rdamedia
338 ## - CARRIER TYPE
Carrier type term online resource
Carrier type code cr
Source rdacarrier
347 ## - DIGITAL FILE CHARACTERISTICS
File type text file
Source rdaft
347 ## - DIGITAL FILE CHARACTERISTICS
Encoding format PDF
490 1# - SERIES STATEMENT
Series statement Tiempo emulado : historia de América y España ;
Volume/sequential designation 33
504 ## - BIBLIOGRAPHY, ETC. NOTE
Bibliography, etc. note Includes bibliographical references.
546 ## - LANGUAGE NOTE
Language note In Spanish with one contribution in Portuguese.
588 0# - SOURCE OF DESCRIPTION NOTE
Source of description note Online resource; title from PDF title page (Digitalia, viewed February 22, 2022)
650 #0 - SUBJECT ADDED ENTRY--TOPICAL TERM
Topical term or geographic name entry element Cities and towns
Geographic subdivision Latin America
General subdivision History.
650 #0 - SUBJECT ADDED ENTRY--TOPICAL TERM
Topical term or geographic name entry element Cities and towns
Geographic subdivision Mexico
General subdivision History.
650 #0 - SUBJECT ADDED ENTRY--TOPICAL TERM
Topical term or geographic name entry element Cities and towns
Geographic subdivision Spain
General subdivision History.
651 #0 - SUBJECT ADDED ENTRY--GEOGRAPHIC NAME
Geographic name Spain
General subdivision Colonies
Geographic subdivision America.
651 #0 - SUBJECT ADDED ENTRY--GEOGRAPHIC NAME
Geographic name Latin America
General subdivision History.
651 #0 - SUBJECT ADDED ENTRY--GEOGRAPHIC NAME
Geographic name Mexico
General subdivision History.
651 #0 - SUBJECT ADDED ENTRY--GEOGRAPHIC NAME
Geographic name Spain
General subdivision History.
655 #0 - INDEX TERM--GENRE/FORM
Genre/form data or focus term Electronic books.
700 1# - ADDED ENTRY--PERSONAL NAME
Personal name Delgado Barrado, José Miguel,
Relator term editor.
700 1# - ADDED ENTRY--PERSONAL NAME
Personal name Torales Pacheco, Ma. Cristina
Fuller form of name (María Cristina),
Relator term editor.
700 1# - ADDED ENTRY--PERSONAL NAME
Personal name Pelizaeus, Ludolf,
Dates associated with a name 1965-
Relator term editor.
791 2# -
-- Digitalia (Firm),
-- distributor.
793 0# -
-- Digitalia eBook Collection:
-- Iberoamericana/Vervuert
776 08 - ADDITIONAL PHYSICAL FORM ENTRY
Relationship information Print version:
Title Ciudades en las fases transitorias del mundo hispánico a los Estados nación.
Place, publisher, and date of publication Madrid : Iberoamericana ; Frankfurt am Main : Vervuert ; México, D. F. : Bonilla Artigas Editores ; [Jaén, Spain] : Universidad de Jaén, [2014]
International Standard Book Number 9788484897910
830 #0 - SERIES ADDED ENTRY--UNIFORM TITLE
Uniform title Tiempo emulado ;
Volume/sequential designation 33.
856 40 - ELECTRONIC LOCATION AND ACCESS
Materials specified Digitalia Hispánica
Uniform Resource Identifier <a href="https://www.digitaliapublishing.com/a/102034/">https://www.digitaliapublishing.com/a/102034/</a>
910 ## - USER-OPTION DATA (OCLC)
User-option data Premium collection: 2022
942 ## - ADDED ENTRY ELEMENTS (KOHA)
Koha item type Recurso Electrónico
Existencias
Withdrawn status Lost status Damaged status Not for loan Collection Home library Current library Date acquired Total checkouts Date last seen Price effective from Koha item type
        Digitalia Ebooks Hispanica Biblioteca Digital UIN Biblioteca Digital UIN 04/25/2025   04/25/2025 04/25/2025 Recurso Electrónico

CONTACTO


NOSOTROS


SITIOS DE INTERES

coordinacion.biblioteca.biblioteca@unienlinea.mx Misión, Visión y Objetivos Bases de datos
Directorio Bibliotecas Digitales y Repositorios
Normatividad Revistas y artículos
Convenios interbibliotecarios
Boletines



Hecho en México. Universidad Insurgentes (UIN). Todos los derechos reservados 2024. Esta página y sus contenidos pueden ser reproducidos con fines no lucrativos, siempre y cuando no se mutile, se cite la fuente completa y su dirección electrónicas. De otra forma requiere permiso previo por escrito de la institución




2024 Copyright Universidad Insurgentes | www.bibliouin.com.mx